[Event "Feffernitz op 28th"]
[Site "Feffernitz"]
[Date "2019.08.18"]
[Round "1"]
[White "Riemelmoser, Franz"]
[Black "Spitzl, Robert"]
[Result "1-0"]
[WhiteElo "2244"]
[BlackElo "1734"]
[PlyCount "77"]
[EventDate "2019.08.18"]
[EventType "swiss"]
[EventRounds "9"]
[EventCountry "AUT"]
[SourceTitle "EXT 2020"]
[Source "ChessBase"]
[SourceDate "2019.10.17"]
[SourceVersion "1"]
[SourceVersionDate "2019.10.17"]
[SourceQuality "1"]

1. c4 g6 2. g3 Bg7 3. Bg2 Nf6 4. Nc3 c6 5. e4 e5 6. Nge2 d6 7. d3 0-0 8. 0-0 a6 9. h3 Be6 10. Be3 b5 11. b3 Qc8 12. Kh2 Nbd7 13. Qd2 Qc7 14. f4 Nb6 15. f5 Bd7 16. g4 c5 17. g5 Ne8 18. f6 Bh8 19. a3 h6 20. h4 Qc8 21. Rac1 h5 22. Nd5 Nxd5 23. cxd5 Qb7 24. b4 cxb4 25. axb4 Nc7 26. d4 Rac8 27. dxe5 dxe5 28. Qb2 Bg4 29. Ng3 Rfe8 30. Rc5 Na8 31. Rxc8 Bxc8 32. Rc1 Bd7 33. Nf1 Nb6 34. Nd2 Qb8 35. Qa1 Rc8 36. Rxc8+ Bxc8 37. Bxb6 Qxb6 38. Qxe5 Qd8 39. Nb3 1-0

[Event "Oberoesterreich-ch op"]
[Site "Haid/Ansfelden"]
[Date "2018.03.27"]
[Round "5"]
[White "Lachmaier, Franz Sr"]
[Black "Spitzl, Robert"]
[Result "0-1"]
[WhiteElo "1808"]
[BlackElo "1721"]
[PlyCount "146"]
[EventDate "2018.03.23"]
[EventType "swiss"]
[EventRounds "9"]
[EventCountry "AUT"]
[SourceTitle "EXT 2021"]
[Source "ChessBase"]
[SourceDate "2020.10.23"]
[SourceVersion "1"]
[SourceVersionDate "2020.10.23"]
[SourceQuality "1"]

1. d4 g6 2. Nf3 Bg7 3. e4 d6 4. Bc4 e6 5. 0-0 Ne7 6. Be3 0-0 7. c3 d5 8. exd5 Nxd5 9. Bd2 a6 10. a4 b6 11. Na3 Bb7 12. Nc2 Nd7 13. Bd3 c5 14. Re1 Qc7 15. Qc1 cxd4 16. cxd4 Rfe8 17. Ne3 Rac8 18. Qd1 Nf4 19. Be2 Nf6 20. Bc3 Red8 21. Nd2 N6d5 22. Nxd5 Nxd5 23. Rc1 Qc6 24. Bf3 Qd7 25. Qb3 Nxc3 26. bxc3 Bh6 27. Rcd1 Bxd2 28. Rxd2 Bxf3 29. gxf3 Qc6 30. Re3 b5 31. axb5 axb5 32. Rb2 Rb8 33. Kg2 Rdc8 34. Qb4 Kg7 35. Qe7 Re8 36. Qb4 Rec8 37. Qe7 Rb6 38. Rbe2 Re8 39. Qb4 Rc8 40. Qe7 Qc4 41. Rb2 Rc7 42. Qg5 Rd7 43. Rb4 Rd5 44. Qe7 Qc6 45. Rb2 Rf5 46. Qb4 Ra6 47. Rc2 Rg5+ 48. Kf1 Ra1+ 49. Ke2 Rgg1 50. Rd2 Qc4+ 51. Qxc4 bxc4 52. f4 Rgc1 53. d5 exd5 54. Rxd5 Rc2+ 55. Rd2 Rcc1 56. Rd4 Ra4 57. Kd2 Rh1 58. Rh3 Ra2+ 59. Ke3 Re1+ 60. Kf3 Ree2 61. Rxc4 Rxf2+ 62. Ke4 Rad2 63. Rd4 Rxh2 64. Rxh2 Rxh2 65. c4 Rc2 66. Kd5 h5 67. Rd3 Kf6 68. c5 Kf5 69. Rd4 h4 70. Rc4 Rxc4 71. Kxc4 Ke6 72. c6 Kd6 73. Kb5 Kc7 0-1

[Event "Feffernitz op 26th"]
[Site "Feffernitz"]
[Date "2017.08.21"]
[Round "3"]
[White "Spitzl, Robert"]
[Black "Strobel, Matthias"]
[Result "0-1"]
[WhiteElo "1766"]
[BlackElo "2102"]
[PlyCount "60"]
[EventDate "2017.08.20"]
[EventType "swiss"]
[EventRounds "9"]
[EventCountry "AUT"]
[SourceTitle "CBM 180 Extra"]
[Source "ChessBase"]
[SourceDate "2017.10.06"]
[SourceVersion "1"]
[SourceVersionDate "2017.10.06"]
[SourceQuality "1"]

1. e4 c6 2. d4 d5 3. exd5 cxd5 4. Nf3 Nf6 5. Bd3 Nc6 6. c3 Bg4 7. Be3 e6 8. Nbd2 Bd6 9. Qc2 0-0 10. h3 Bxf3 11. Nxf3 h6 12. 0-0 Qc7 13. a3 Na5 14. b3 Rfc8 15. Rfc1 a6 16. Nd2 Qe7 17. Qb2 Rc7 18. c4 Rd7 19. c5 Bc7 20. b4 Nc6 21. b5 axb5 22. Bxb5 Rdd8 23. g3 e5 24. Nf3 Qe6 25. Kg2 exd4 26. Bxd4 Nxd4 27. Qxd4 Ne4 28. Ra2 Qg6 29. Bd3 Bxg3 30. Bxe4 dxe4 0-1

[Event "Feffernitz op 26th"]
[Site "Feffernitz"]
[Date "2017.08.20"]
[Round "1"]
[White "Spitzl, Robert"]
[Black "Zozulia, Anna"]
[Result "0-1"]
[WhiteElo "1766"]
[BlackElo "2309"]
[PlyCount "40"]
[EventDate "2017.08.20"]
[EventType "swiss"]
[EventRounds "9"]
[EventCountry "AUT"]
[SourceTitle "CBM 180 Extra"]
[Source "ChessBase"]
[SourceDate "2017.10.06"]
[SourceVersion "1"]
[SourceVersionDate "2017.10.06"]
[SourceQuality "1"]

1. Nf3 Nf6 2. g3 g6 3. Bg2 Bg7 4. d4 0-0 5. 0-0 d6 6. Re1 c6 7. e4 Qc7 8. c3 e5 9. Na3 Be6 10. Nc2 h6 11. h3 Nbd7 12. b3 Rfe8 13. Bb2 a5 14. Qd3 d5 15. Nd2 exd4 16. Nxd4 Nc5 17. Qc2 dxe4 18. Nxe6 Rxe6 19. Nxe4 Nfxe4 20. Bxe4 Rae8 0-1

[Event "Oberoesterreich-ch op"]
[Site "Traun"]
[Date "2017.04.12"]
[Round "6"]
[White "Fugger, Christian"]
[Black "Spitzl, Robert"]
[Result "1-0"]
[WhiteElo "1880"]
[BlackElo "1775"]
[PlyCount "169"]
[EventDate "2017.04.07"]
[EventType "swiss"]
[EventRounds "9"]
[EventCountry "AUT"]
[SourceTitle "EXT 2024"]
[Source "ChessBase"]
[SourceDate "2023.10.10"]
[SourceVersion "1"]
[SourceVersionDate "2023.10.10"]
[SourceQuality "1"]

1. d4 Nf6 2. c4 g6 3. Nc3 Bg7 4. e4 d6 5. Nf3 Bg4 6. Be2 0-0 7. 0-0 c6 8. Be3 Nfd7 9. Qd2 e5 10. Rad1 Qe7 11. dxe5 dxe5 12. Bh6 Na6 13. a3 Rfd8 14. Bxg7 Kxg7 15. b4 Bxf3 16. Bxf3 Ndc5 17. Qe3 Ne6 18. Ne2 b6 19. Bg4 Nac7 20. Qc3 f6 21. f4 Rxd1 22. Rxd1 Rd8 23. Rxd8 Nxd8 24. f5 Nf7 25. Ng3 Ne8 26. Qd2 Ned6 27. fxg6 hxg6 28. Be2 Ng5 29. Qe3 Nb7 30. Bg4 Nd8 31. h4 Nge6 32. h5 Nd4 33. hxg6 Kxg6 34. Bf5+ Nxf5 35. Nxf5 Qh7 36. Qg3+ Kf7 37. Qd3 Qh8 38. Qd7+ Kg6 39. Qxa7 Qh7 40. Qxb6 Qd7 41. Qe3 Qd1+ 42. Kh2 Nf7 43. Qf3 Qc1 44. Nh4+ Kg7 45. Qf5 Qh6 46. Qh3 Qg5 47. Qg3 Kf8 48. Qxg5 Nxg5 49. a4 Nxe4 50. a5 Nd6 51. c5 Nb5 52. Kg3 Kf7 53. Nf5 Ke6 54. Ne3 Nc7 55. Kg4 Na6 56. Nc2 f5+ 57. Kf3 f4 58. Ke4 Kf6 59. Kd3 Kf5 60. Kc4 Nc7 61. Na3 e4 62. Kd4 Ne6+ 63. Kc4 f3 64. gxf3 exf3 65. Kd3 Kf4 66. Nc2 Kg3 67. Ne3 Nf4+ 68. Ke4 f2 69. a6 Nd5 70. Nf1+ Kg2 71. a7 Nc7 72. Nd2 f1Q 73. Nxf1 Kxf1 74. Ke5 Ke2 75. Kd6 Nb5+ 76. Kxc6 Nxa7+ 77. Kb6 Nc8+ 78. Kb7 Ne7 79. b5 Kd3 80. c6 Kc4 81. b6 Kb5 82. c7 Nf5 83. Ka7 Ne7 84. b7 Nc6+ 85. Ka8 1-0

[Event "Hoersching op 3rd"]
[Site "Hoersching"]
[Date "2015.09.06"]
[Round "7"]
[White "Spitzl, Robert"]
[Black "Rubenzucker, Gerhard"]
[Result "1/2-1/2"]
[WhiteElo "1753"]
[BlackElo "1972"]
[PlyCount "53"]
[EventDate "2015.08.31"]
[EventType "swiss"]
[EventRounds "7"]
[EventCountry "AUT"]
[SourceTitle "EXT 2016"]
[Source "ChessBase"]
[SourceDate "2015.10.08"]
[SourceVersion "1"]
[SourceVersionDate "2015.10.08"]
[SourceQuality "1"]

1. Nf3 d5 2. d4 e6 3. g3 Nf6 4. Bg2 c5 5. c3 Nc6 6. 0-0 cxd4 7. cxd4 Bd6 8. Nc3 a6 9. Re1 0-0 10. a3 Ng4 11. h3 Nf6 12. b4 Bd7 13. Bb2 Rc8 14. Rc1 b5 15. e3 Re8 16. Nd2 Ne7 17. Nb3 Rc7 18. Re2 Bc8 19. Rec2 Ng6 20. Ne2 Ree7 21. Na5 Rxc2 22. Rxc2 Rc7 23. Nc6 Qd7 24. Ne5 Qd8 25. Nc6 Qe8 26. Qc1 Bb7 27. Na5 1/2-1/2

[Event "Hoersching op 3rd"]
[Site "Hoersching"]
[Date "2015.09.03"]
[Round "4"]
[White "Boksinski, Jordan"]
[Black "Spitzl, Robert"]
[Result "1-0"]
[WhiteElo "2113"]
[BlackElo "1753"]
[PlyCount "119"]
[EventDate "2015.08.31"]
[EventType "swiss"]
[EventRounds "7"]
[EventCountry "AUT"]
[SourceTitle "EXT 2016"]
[Source "ChessBase"]
[SourceDate "2015.10.08"]
[SourceVersion "1"]
[SourceVersionDate "2015.10.08"]
[SourceQuality "1"]

1. d4 d5 2. c4 c6 3. cxd5 cxd5 4. Nc3 Nf6 5. Bf4 a6 6. e3 e6 7. Bd3 Bd6 8. Bxd6 Qxd6 9. f4 Bd7 10. Rc1 0-0 11. Nf3 Rc8 12. 0-0 Rc7 13. Ne5 Be8 14. g4 Nfd7 15. Qc2 g6 16. Nb5 Rxc2 17. Nxd6 Rxc1 18. Rxc1 Nxe5 19. fxe5 Bc6 20. Nc8 Kf8 21. Nb6 Ra7 22. g5 Ke8 23. Nc8 Ra8 24. Nd6+ Kf8 25. Rf1 f5 26. gxf6 Nd7 27. h4 Kg8 28. h5 Nf8 29. hxg6 hxg6 30. Kf2 Rd8 31. Kg3 Rxd6 32. exd6 Kf7 33. b4 Nh7 34. Kh4 Bd7 35. a4 b5 36. axb5 axb5 37. Rf2 Bc6 38. Rc2 Bd7 39. Rc7 Nxf6 40. Bxb5 Ke8 41. Kg5 Ne4+ 42. Kxg6 Bxb5 43. Re7+ Kd8 44. Rxe6 Kd7 45. Kf5 Nxd6+ 46. Ke5 Nf7+ 47. Kf6 Nd6 48. Re7+ Kc6 49. Ke6 Nc4 50. e4 Ne3 51. Rh7 dxe4 52. Rh6 Kc7 53. Rh7+ Kc6 54. Ke5 Ng4+ 55. Kf4 Kd5 56. Rh5+ Kc4 57. Kxg4 Kxb4 58. Kf4 Bd3 59. Rc5 Bb1 60. Rc1 1-0

[Event "Hoersching op 2nd"]
[Site "Hoersching"]
[Date "2014.08.27"]
[Round "5"]
[White "Fugger, Christian"]
[Black "Spitzl, Robert"]
[Result "1-0"]
[WhiteElo "1940"]
[BlackElo "1780"]
[PlyCount "67"]
[EventDate "2014.08.23"]
[EventType "swiss"]
[EventRounds "9"]
[EventCountry "AUT"]
[SourceTitle "EXT 2015"]
[Source "ChessBase"]
[SourceDate "2014.11.20"]
[SourceVersion "1"]
[SourceVersionDate "2014.11.20"]
[SourceQuality "1"]

1. d4 d5 2. c4 Nf6 3. Nc3 c6 4. cxd5 Nxd5 5. e4 Nf6 6. Bg5 Nbd7 7. Nf3 h6 8. Bd2 e6 9. Bd3 Be7 10. 0-0 Qc7 11. Rc1 Nb6 12. b4 a6 13. Qb3 0-0 14. a4 Bd7 15. b5 axb5 16. axb5 Qd8 17. bxc6 bxc6 18. Rb1 Rb8 19. Bf4 e5 20. Bxe5 Be6 21. Qb2 Na4 22. Qxb8 Nxc3 23. Qxd8 Bxd8 24. Bxf6 Bxf6 25. Rbc1 Nb5 26. d5 Bg4 27. dxc6 Bxf3 28. Bxb5 Bxe4 29. Rfe1 Bf5 30. c7 Bc8 31. Re8 Rxe8 32. Bxe8 Kf8 33. Ba4 Be5 34. Rd1 1-0

[Event "Feffernitz Raika op 22nd"]
[Site "Feffernitz"]
[Date "2013.08.21"]
[Round "5"]
[White "Frey, Armin"]
[Black "Spitzl, Robert"]
[Result "1-0"]
[WhiteElo "1981"]
[BlackElo "1799"]
[PlyCount "53"]
[EventDate "2013.08.18"]
[EventType "swiss"]
[EventRounds "9"]
[EventCountry "AUT"]
[SourceTitle "CBM 156 Extra"]
[Source "ChessBase"]
[SourceDate "2013.10.22"]
[SourceVersion "1"]
[SourceVersionDate "2013.10.22"]
[SourceQuality "1"]

1. e4 e5 2. f4 d6 3. Nf3 Bg4 4. Bc4 Qd7 5. Nc3 Nf6 6. d3 c6 7. 0-0 Be7 8. Kh1 a5 9. fxe5 Bxf3 10. Qxf3 dxe5 11. a4 0-0 12. Qg3 Qd6 13. Rf5 Nfd7 14. Be3 Qg6 15. Qf2 Na6 16. Rf1 Bf6 17. g4 h6 18. g5 hxg5 19. Rg1 Nc7 20. Bxg5 Bxg5 21. Rgxg5 Qh6 22. Rh5 Qc1+ 23. Kg2 Ne6 24. Qh4 Qd2+ 25. Kf1 Qc1+ 26. Kf2 Qd2+ 27. Ne2 1-0

[Event "Hoersching op 1st"]
[Site "Hoersching"]
[Date "2013.03.25"]
[Round "4"]
[White "Spitzl, Robert"]
[Black "Soellradl, Friedrich"]
[Result "1-0"]
[WhiteElo "1839"]
[BlackElo "1760"]
[PlyCount "81"]
[EventDate "2013.03.22"]
[EventType "swiss"]
[EventRounds "7"]
[EventCountry "AUT"]
[SourceTitle "CBM 153 Extra"]
[Source "ChessBase"]
[SourceDate "2013.04.22"]
[SourceVersion "1"]
[SourceVersionDate "2013.04.22"]
[SourceQuality "1"]

1. c4 e5 2. Nc3 f5 3. d3 Nf6 4. Nf3 d6 5. Bg5 c6 6. e4 f4 7. Qb3 b6 8. Be2 Be7 9. 0-0-0 Na6 10. d4 Qc7 11. Kb1 h6 12. Bxf6 Bxf6 13. d5 Nc5 14. Qc2 a5 15. b3 Bb7 16. Ne1 0-0 17. g3 Rfb8 18. Nd3 cxd5 19. Nb5 Qe7 20. Nxc5 bxc5 21. cxd5 Ba6 22. a4 Rb7 23. Bc4 Rab8 24. Qd3 Qd7 25. Ka2 Bxb5 26. Bxb5 Rxb5 27. axb5 Rxb5 28. Rb1 Qb7 29. Rhc1 Rb4 30. Rc4 Qa7 31. Kb2 a4 32. Rxb4 a3+ 33. Ka2 cxb4 34. Qd2 fxg3 35. hxg3 Bg5 36. f4 exf4 37. gxf4 Bf6 38. e5 dxe5 39. fxe5 Bxe5 40. d6 Bc3 41. d7 1-0

[Event "Hoersching op 1st"]
[Site "Hoersching"]
[Date "2013.03.22"]
[Round "1"]
[White "Djumlija, Karlo"]
[Black "Spitzl, Robert"]
[Result "0-1"]
[WhiteElo "1358"]
[BlackElo "1839"]
[PlyCount "132"]
[EventDate "2013.03.22"]
[EventType "swiss"]
[EventRounds "7"]
[EventCountry "AUT"]
[SourceTitle "CBM 153 Extra"]
[Source "ChessBase"]
[SourceDate "2013.04.22"]
[SourceVersion "1"]
[SourceVersionDate "2013.04.22"]
[SourceQuality "1"]

1. d4 d5 2. c4 Nf6 3. Nc3 c6 4. cxd5 Nxd5 5. Qc2 g6 6. e4 Nb6 7. Be3 Bg7 8. 0-0-0 0-0 9. f3 Be6 10. g4 Bc4 11. Nge2 N8d7 12. h4 Qc7 13. h5 e5 14. hxg6 fxg6 15. Bg2 Rac8 16. Bh6 Rf7 17. Bxg7 Kxg7 18. Kb1 Nf6 19. Qd2 Qe7 20. Qg5 Nbd7 21. Ng3 Kf8 22. dxe5 Qxe5 23. Qh6+ Ke8 24. f4 Qe7 25. Qh3 Kd8 26. g5 Ng8 27. Rhf1 Kc7 28. Rf2 Kb8 29. Rfd2 Nb6 30. Nge2 Be6 31. Qg3 Ka8 32. Nd4 Bd7 33. Qf3 Nc4 34. Rf2 Qb4 35. Nb3 Be6 36. Bh3 Bxh3 37. Qxh3 Re8 38. Qd3 Rb8 39. f5 Ne5 40. Qg3 Qe7 41. f6 Qe8 42. Rfd2 h6 43. Rd6 hxg5 44. Qxg5 Nd7 45. Qxg6 Ngxf6 46. Nd4 Ne5 47. Qg2 Nc4 48. Qe2 Nxd6 49. e5 Re7 50. e6 c5 51. Ndb5 Nxb5 52. Nxb5 a6 53. Nd6 Qg8 54. Qe5 Rxe6 55. Qxc5 Qf8 56. Qc7 Re7 57. Qa5 Rd7 58. Qe5 Ne4 59. Qxe4 Rxd6 60. Rc1 Qf6 61. Qb4 Rb6 62. Qa3 Qg6+ 63. Ka1 Rc6 64. Rb1 Rbc8 65. Qe3 Re8 66. Qd4 Qxb1+ 0-1

[Event "Steyr op"]
[Site "Steyr"]
[Date "2012.08.29"]
[Round "3"]
[White "Spitzl, Robert"]
[Black "Knoll, Hermann"]
[Result "0-1"]
[WhiteElo "1838"]
[BlackElo "2313"]
[PlyCount "44"]
[EventDate "2012.08.27"]
[EventType "swiss"]
[EventRounds "7"]
[EventCountry "AUT"]
[SourceTitle "CBM 150 Extra"]
[Source "ChessBase"]
[SourceDate "2012.10.19"]
[SourceVersion "1"]
[SourceVersionDate "2012.10.19"]
[SourceQuality "1"]

1. e4 c5 2. Nc3 Nc6 3. Bc4 e6 4. Nf3 a6 5. a4 g6 6. 0-0 Bg7 7. Re1 Nge7 8. Ne2 d5 9. exd5 exd5 10. Ba2 Bg4 11. Nc3 0-0 12. h3 Bf5 13. d3 Nb4 14. Bb3 Nec6 15. Re2 Qd6 16. Bd2 Rad8 17. Rb1 c4 18. dxc4 dxc4 19. Ne4 Bxe4 20. Rxe4 cxb3 21. c3 Nd3 22. Qxb3 Nc5 0-1

[Event "Feffernitz Raika op 21st"]
[Site "Feffernitz"]
[Date "2012.08.26"]
[Round "9"]
[White "Spitzl, Robert"]
[Black "Ravnik, Franc"]
[Result "0-1"]
[WhiteElo "1838"]
[BlackElo "1900"]
[PlyCount "64"]
[EventDate "2012.08.19"]
[EventType "swiss"]
[EventRounds "9"]
[EventCountry "AUT"]
[SourceTitle "CBM 150 Extra"]
[Source "ChessBase"]
[SourceDate "2012.10.19"]
[SourceVersion "1"]
[SourceVersionDate "2012.10.19"]
[SourceQuality "1"]

1. Nf3 Nf6 2. g3 c5 3. Bg2 d5 4. d4 cxd4 5. Qxd4 Nc6 6. Qd1 e5 7. 0-0 Be7 8. a3 0-0 9. b3 Qc7 10. Bb2 Bf5 11. Nh4 Be6 12. Re1 Rad8 13. Nf3 h6 14. Qc1 Rc8 15. e3 b6 16. Re2 Bg4 17. h3 Bf5 18. Nbd2 e4 19. Ne1 Ne5 20. Nf1 Qd6 21. Qb1 Rc7 22. Nh2 Rfc8 23. Rd2 Qe6 24. Qd1 h5 25. Bd4 Ned7 26. c3 Bxh3 27. Nc2 Bxg2 28. Kxg2 Ne5 29. f4 exf3+ 30. Nxf3 Neg4 31. Rd3 Ne4 32. Qe1 Bd6 0-1

[Event "Feffernitz Raika op 21st"]
[Site "Feffernitz"]
[Date "2012.08.20"]
[Round "3"]
[White "Pregl, Walter"]
[Black "Spitzl, Robert"]
[Result "1/2-1/2"]
[WhiteElo "2053"]
[BlackElo "1838"]
[PlyCount "48"]
[EventDate "2012.08.19"]
[EventType "swiss"]
[EventRounds "9"]
[EventCountry "AUT"]
[SourceTitle "CBM 150 Extra"]
[Source "ChessBase"]
[SourceDate "2012.10.19"]
[SourceVersion "1"]
[SourceVersionDate "2012.10.19"]
[SourceQuality "1"]

1. e4 e5 2. Nf3 Nc6 3. Bb5 a6 4. Ba4 b5 5. Bb3 Nf6 6. Qe2 Be7 7. 0-0 0-0 8. c3 d6 9. h3 Be6 10. Bc2 Nd7 11. d4 Bc4 12. Bd3 Bxd3 13. Qxd3 exd4 14. cxd4 Nb6 15. Nc3 d5 16. e5 Qd7 17. Re1 Nd8 18. Bf4 Ne6 19. Bg3 c6 20. Nd1 f5 21. exf6 Bxf6 22. Ne3 Rae8 23. Rac1 Nc4 24. b3 Nxe3 1/2-1/2

[Event "Steyr op 1st"]
[Site "Steyr"]
[Date "2011.08.30"]
[Round "2"]
[White "Spitzl, Robert"]
[Black "Posch, Roland"]
[Result "0-1"]
[WhiteElo "1894"]
[BlackElo "2106"]
[PlyCount "22"]
[EventDate "2011.08.29"]
[EventType "swiss"]
[EventRounds "7"]
[EventCountry "AUT"]
[SourceTitle "EXT 2012"]
[Source "ChessBase"]
[SourceDate "2011.11.24"]
[SourceVersion "1"]
[SourceVersionDate "2011.11.24"]
[SourceQuality "1"]

1. e4 e5 2. Bc4 Nf6 3. Nc3 Nxe4 4. Bxf7+ Kxf7 5. Nxe4 d5 6. Qf3+ Kg8 7. Qb3 Nc6 8. Ng3 Nd4 9. Qd3 Bc5 10. f3 Qh4 11. c3 Bf5 0-1

[Event "Steyr op"]
[Site "Steyr"]
[Date "2008.06.25"]
[Round "1"]
[White "Knoll, Hermann"]
[Black "Spitzl, Robert"]
[Result "1-0"]
[WhiteElo "2386"]
[BlackElo "1911"]
[PlyCount "33"]
[EventDate "2008.06.25"]
[EventType "swiss"]
[EventRounds "5"]
[EventCountry "AUT"]
[SourceTitle "CBM 125 Extra"]
[Source "ChessBase"]
[SourceDate "2008.09.01"]
[SourceVersion "1"]
[SourceVersionDate "2008.09.01"]
[SourceQuality "1"]

1. e4 e5 2. Nf3 d6 3. d4 Bg4 4. dxe5 Bxf3 5. Qxf3 dxe5 6. Bc4 Qf6 7. Qb3 Bc5 8. Qxb7 Qxf2+ 9. Kd1 Qd4+ 10. Nd2 Ne7 11. c3 Qd7 12. Qxa8 0-0 13. Rf1 Nec6 14. Bd5 Qg4+ 15. Kc2 Qd7 16. Nc4 Bd6 17. Be3 1-0